Cargando...

Organisational behaviour

Detalles Bibliográficos
Autor principal: Prasad, L M
Formato: Printed Book
Publicado: Sultan Chand & Sons: New Delhi 2001
Materias:
LEADER 00580nam a2200193 4500
020 |a 8170147840  |c 145 
082 |a R 658.11 PRA 
100 |a Prasad, L M 
245 |a Organisational behaviour  |c Prasad, L M 
250
260 |a Sultan Chand & Sons: New Delhi  |c 2001 
300 |a 672 p 
490
500 |a Replacement copy of the book with acc.no: 1997 
590
650 |a Organizational behaviour 
942 |c BK 
999 |c 137197  |d 137197 
952 |0 0  |1 0  |4 0  |6 R_658_110000000000000_PRA  |7 0  |9 150657  |a IMK  |b IMK  |g 145.00  |l 0  |o R 658.11 PRA  |p IMK04203  |r 2019-10-25  |w 2019-10-25  |y BK